Computer Networking A Top-Down Approach Featuring the Internet (Record no. 5253)

MARC details
000 -LEADER
fixed length control field 00375nam a2200145Ia 4500
008 - FIXED-LENGTH DATA ELEMENTS--GENERAL INFORMATION
fixed length control field 191201s2011 xx 000 0 und d
082 ## - DEWEY DECIMAL CLASSIFICATION NUMBER
Classification number 004.6
Item number KUC
100 ## - MAIN ENTRY--PERSONAL NAME
Personal name KUROSE,James E
245 #0 - TITLE STATEMENT
Title Computer Networking A Top-Down Approach Featuring the Internet
250 ## - EDITION STATEMENT
Edition statement IMp
260 ## - PUBLICATION, DISTRIBUTION, ETC. (IMPRINT)
Place of publication, distribution, etc N. delhi
Name of publisher, distributor, etc pearson
Date of publication, distribution, etc 2011
300 ## - PHYSICAL DESCRIPTION
Extent 821
650 ## - SUBJECT ADDED ENTRY--TOPICAL TERM
Topical term or geographic name as entry element M.Tech(CSE)
942 ## - ADDED ENTRY ELEMENTS (KOHA)
Source of classification or shelving scheme Dewey Decimal Classification
Koha item type Text Books
Holdings
Withdrawn status Lost status Source of classification or shelving scheme Damaged status Not for loan Collection code Home library Current library Date acquired Source of acquisition Cost, normal purchase price Bill Number Total Checkouts Full call number Acc. no. / Barcode Date last seen Date last borrowed Bill Date Koha item type
    Dewey Decimal Classification     B.Tech(CSE) PIET C-LIBRARY PIET C-LIBRARY 05/07/2012 IBH, New Delhi 575.00 4865 1 004.6 KUC 19395 05/06/2023 30/05/2023 03/07/2012 Text Books
    Dewey Decimal Classification     B.Tech(CSE) PIET C-LIBRARY PIET C-LIBRARY 05/07/2012 IBH, New Delhi 575.00 4865   004.6 KUC 19396 04/12/2019   03/07/2012 Text Books
    Dewey Decimal Classification     B.Tech(CSE) PIET C-LIBRARY PIET C-LIBRARY 05/07/2012 IBH, New Delhi 575.00 4865 2 004.6 KUC 19397 04/12/2023 20/11/2023 03/07/2012 Text Books
    Dewey Decimal Classification     B.Tech(CSE) PIET C-LIBRARY PIET C-LIBRARY 05/07/2012 IBH, New Delhi 575.00 4865 5 004.6 KUC 19398 20/09/2024 06/09/2024 03/07/2012 Text Books
    Dewey Decimal Classification     B.Tech(CSE) PIET C-LIBRARY PIET C-LIBRARY 05/07/2012 IBH, New Delhi 575.00 4865 2 004.6 KUC 19399 08/06/2023 26/05/2023 03/07/2012 Text Books

Design & Developed by: PIET Central Library
R70 Miles Stone Pattikalyana Samalkha Panipat 132102
mail ID :- [email protected], Phone No:- 0180-2569700 Ex.216